[Event "SLO-ch U18"]
[Site "Ptuj"]
[Date "2017.03.02"]
[Round "6"]
[White "Dolinar, Jan"]
[Black "Suligoj, Nejc"]
[Result "1-0"]
[WhiteElo "1761"]
[BlackElo "1425"]
[PlyCount "71"]
[EventDate "2017.02.25"]
[EventType "swiss"]
[EventRounds "7"]
[EventCountry "SLO"]
[SourceTitle "CBM 177 Extra"]
[Source "ChessBase"]
[SourceDate "2017.04.27"]
[SourceVersion "1"]
[SourceVersionDate "2017.04.27"]
[SourceQuality "1"]

1. e4 c5 2. Nc3 d6 3. g3 Nf6 4. Bg2 g6 5. d3 Bg7 6. Be3 0-0 7. h3 Nc6 8. Qd2 e5 9. Bh6 Be6 10. Bxg7 Kxg7 11. Nge2 Qd7 12. Nd5 Bxd5 13. exd5 Nd4 14. 0-0 Nxe2+ 15. Qxe2 Rae8 16. g4 Qe7 17. Rae1 Nd7 18. f4 f6 19. f5 g5 20. c3 Rf7 21. Qc2 Nb6 22. d4 cxd4 23. cxd4 Rc8 24. Qb3 Qd7 25. dxe5 fxe5 26. Qe3 h6 27. Be4 Qb5 28. f6+ Kg8 29. Qf3 Rcf8 30. Qf5 Nxd5 31. Qg6+ Kh8 32. Qxh6+ Kg8 33. Qxg5+ Kh8 34. Rf5 Nf4 35. Qh6+ Rh7 36. Qxf8# 1-0

[Event "SLO-ch U18"]
[Site "Ptuj"]
[Date "2017.03.01"]
[Round "5"]
[White "Suta, Tomaz"]
[Black "Dolinar, Jan"]
[Result "1-0"]
[WhiteElo "1751"]
[BlackElo "1761"]
[PlyCount "47"]
[EventDate "2017.02.25"]
[EventType "swiss"]
[EventRounds "7"]
[EventCountry "SLO"]
[SourceTitle "CBM 177 Extra"]
[Source "ChessBase"]
[SourceDate "2017.04.27"]
[SourceVersion "1"]
[SourceVersionDate "2017.04.27"]
[SourceQuality "1"]

1. e4 c5 2. Nf3 e6 3. d4 cxd4 4. Nxd4 a6 5. g3 Qc7 6. Bg2 Nf6 7. 0-0 Nc6 8. Nc3 b5 9. e5 Ng8 10. Nxc6 dxc6 11. a4 b4 12. Ne4 Bb7 13. Bf4 Rd8 14. Nd6+ Bxd6 15. exd6 Qd7 16. Qg4 f6 17. Bh3 Bc8 18. Rad1 Qf7 19. Qf3 Bd7 20. Rfe1 h5 21. Qe4 g5 22. Be3 f5 23. Qe5 Qf6 24. Bxg5 1-0

[Event "Ljubljana-chT 69th 2nd League"]
[Site "Ljubljana"]
[Date "2016.03.10"]
[Round "6.2"]
[White "Dolinar, Jan"]
[Black "Menart, Stane"]
[Result "1/2-1/2"]
[WhiteElo "1790"]
[BlackElo "1567"]
[PlyCount "117"]
[EventDate "2016.01.14"]
[EventType "team-tourn"]
[EventRounds "10"]
[EventCountry "SLO"]
[SourceTitle "EXT 2022"]
[Source "ChessBase"]
[SourceDate "2021.10.06"]
[SourceVersion "1"]
[SourceVersionDate "2021.10.06"]
[SourceQuality "1"]
[WhiteTeam "Kranj Gimnazija"]
[BlackTeam "Ljubljana Energetica Te Tol"]
[WhiteTeamCountry "SLO"]
[BlackTeamCountry "SLO"]

1. e4 c5 2. Nc3 Nc6 3. g3 a6 4. Bg2 g6 5. d3 Bg7 6. Be3 d6 7. Qd2 b5 8. e5 Bb7 9. exd6 exd6 10. Nge2 Nge7 11. Bh6 Nf5 12. Bxg7 Nxg7 13. Nd5 0-0 14. 0-0 Rb8 15. Qf4 Nh5 16. Qd2 Ne7 17. c4 Nxd5 18. cxd5 f5 19. d4 c4 20. Rfe1 Qb6 21. Nf4 Nxf4 22. Qxf4 Rbe8 23. h4 Qd8 24. Re6 Rxe6 25. dxe6 Bxg2 26. Kxg2 Qa8+ 27. Qf3 Qxf3+ 28. Kxf3 Kg7 29. d5 Kf6 30. Re1 Re8 31. Ke3 Ke5 32. Rd1 f4+ 33. gxf4+ Kf5 34. h5 Rh8 35. Rh1 h6 36. hxg6 Kxg6 37. Ke4 h5 38. f5+ Kf6 39. Kf4 b4 40. Rh3 a5 41. Rg3 h4 42. Rh3 c3 43. bxc3 bxc3 44. Rxc3 h3 45. Rc7 Rh4+ 46. Kg3 h2 47. Rf7+ Kg5 48. f4+ Kh6 49. Rf6+ Kg7 50. Rg6+ Kf8 51. Kxh4 h1Q+ 52. Kg5 Qxd5 53. Rh6 Qg2+ 54. Kh5 Qf3+ 55. Kg5 Qg3+ 56. Kh5 Ke7 57. Rh7+ Ke8 58. Rh8+ Ke7 59. Rh7+ 1/2-1/2

[Event "SLO-chT U20"]
[Site "Otocec"]
[Date "2015.08.25"]
[Round "2"]
[White "Cop, Jaka"]
[Black "Dolinar, Jan"]
[Result "1-0"]
[WhiteElo "1786"]
[BlackElo "1740"]
[PlyCount "57"]
[EventDate "2015.08.24"]
[EventType "team-tourn"]
[EventRounds "7"]
[EventCountry "SLO"]
[SourceTitle "EXT 2019"]
[Source "ChessBase"]
[SourceDate "2018.10.10"]
[SourceVersion "1"]
[SourceVersionDate "2018.10.10"]
[SourceQuality "1"]

1. e4 c5 2. b3 Nc6 3. Bb2 e6 4. Nf3 d5 5. exd5 exd5 6. Bb5 Nf6 7. 0-0 Be7 8. Bxc6+ bxc6 9. h3 0-0 10. d3 d4 11. Nbd2 Nd5 12. Nc4 Qc7 13. Qd2 Bd6 14. Nxd6 Qxd6 15. Rae1 Nf4 16. Re4 Ng6 17. Ba3 Bf5 18. Rxd4 Qf6 19. Bxc5 Rfd8 20. Rxd8+ Qxd8 21. Qg5 Qd5 22. Qe3 Bd7 23. Re1 h6 24. Qd4 Qf5 25. Ba3 Nf4 26. Re5 Nxh3+ 27. gxh3 Qxh3 28. Re3 Qh5 29. Qxd7 1-0

[Event "St Veit op-B 34th"]
[Site "St Veit"]
[Date "2015.07.16"]
[Round "7.3"]
[White "Dolinar, Jan"]
[Black "Pruesse, Horst"]
[Result "1-0"]
[WhiteElo "1702"]
[BlackElo "2035"]
[PlyCount "61"]
[EventDate "2015.07.11"]
[EventType "swiss"]
[EventRounds "9"]
[EventCountry "AUT"]
[SourceTitle "EXT 2024"]
[Source "ChessBase"]
[SourceDate "2023.10.10"]
[SourceVersion "1"]
[SourceVersionDate "2023.10.10"]
[SourceQuality "1"]

1. e4 e6 2. d4 d5 3. e5 c5 4. c3 Qb6 5. Nf3 Bd7 6. a3 Bb5 7. Bxb5+ Qxb5 8. b4 cxd4 9. cxd4 a5 10. Nc3 Qc6 11. Bd2 axb4 12. axb4 Rxa1 13. Qxa1 Bxb4 14. Qa8 Qc8 15. Nb5 Ne7 16. 0-0 Nbc6 17. Qa4 0-0 18. Bxb4 Nxb4 19. Qxb4 Nc6 20. Qb2 Qc7 21. Nd6 Rb8 22. Rb1 f6 23. Qa3 Qe7 24. Qc5 h6 25. h3 Kh7 26. Rb6 Nd8 27. exf6 gxf6 28. Qc2+ f5 29. Nxf5 exf5 30. Qxf5+ Kg8 31. Rg6+ 1-0

[Event "SLO-chT Central Superliga 15th"]
[Site "Slovenia"]
[Date "2014.10.16"]
[Round "6.3"]
[White "Trpin, Alenka"]
[Black "Dolinar, Jan"]
[Result "1-0"]
[WhiteElo "1732"]
[BlackElo "1720"]
[PlyCount "45"]
[EventDate "2014.09.11"]
[EventType "team-tourn"]
[EventRounds "9"]
[EventCountry "SLO"]
[SourceTitle "EXT 2022"]
[Source "ChessBase"]
[SourceDate "2021.10.06"]
[SourceVersion "1"]
[SourceVersionDate "2021.10.06"]
[SourceQuality "1"]
[WhiteTeam "Komenda Pogi"]
[BlackTeam "Kranj Tomo Zupan"]
[WhiteTeamCountry "SLO"]
[BlackTeamCountry "SLO"]

1. d4 Nf6 2. c4 c5 3. d5 b5 4. b3 g6 5. Bb2 Bg7 6. Nf3 d6 7. h3 bxc4 8. bxc4 Qb6 9. Qb3 Nbd7 10. Nbd2 Rb8 11. e3 Qa5 12. Qc2 Nb6 13. Bc3 Qa3 14. Rb1 0-0 15. Bd3 Bd7 16. Rb3 Qa6 17. Qc1 Ba4 18. Rb2 Nbxd5 19. Rxb8 Rxb8 20. 0-0 Nxc3 21. Qxc3 Nd5 22. cxd5 Qb7 23. Qc4 1-0

[Event "SLO-chT Central Superliga 15th"]
[Site "Slovenia"]
[Date "2014.09.18"]
[Round "2.4"]
[White "Jelen, Miha"]
[Black "Dolinar, Jan"]
[Result "0-1"]
[WhiteElo "1572"]
[BlackElo "1720"]
[PlyCount "54"]
[EventDate "2014.09.11"]
[EventType "team-tourn"]
[EventRounds "9"]
[EventCountry "SLO"]
[SourceTitle "EXT 2022"]
[Source "ChessBase"]
[SourceDate "2021.10.06"]
[SourceVersion "1"]
[SourceVersionDate "2021.10.06"]
[SourceQuality "1"]
[WhiteTeam "Ig"]
[BlackTeam "Kranj Tomo Zupan"]
[WhiteTeamCountry "SLO"]
[BlackTeamCountry "SLO"]

1. e4 c5 2. c3 Nf6 3. e5 Nd5 4. d4 cxd4 5. cxd4 e6 6. Nc3 Nc6 7. Nf3 a6 8. Nxd5 exd5 9. Qb3 Bb4+ 10. Bd2 Bxd2+ 11. Kxd2 d6 12. Qxd5 Be6 13. Qxd6 Qa5+ 14. Ke3 Rd8 15. Qa3 Qb6 16. Rd1 Nb4 17. Bd3 Nd5+ 18. Ke2 Nf4+ 19. Kf1 Nxd3 20. Qxd3 Qxb2 21. a3 Rc8 22. d5 Bd7 23. Nd4 0-0 24. Kg1 Ba4 25. Re1 Rc3 26. Qe4 Rc4 27. Qe2 Qxd4 0-1

[Event "SLO-chT U20"]
[Site "Bled"]
[Date "2014.08.27"]
[Round "7.3"]
[White "Brinovec, David"]
[Black "Dolinar, Jan"]
[Result "1-0"]
[WhiteElo "1927"]
[BlackElo "1806"]
[PlyCount "67"]
[EventDate "2014.08.23"]
[EventType "team-tourn"]
[EventRounds "7"]
[EventCountry "SLO"]
[SourceTitle "EXT 2022"]
[Source "ChessBase"]
[SourceDate "2021.10.06"]
[SourceVersion "1"]
[SourceVersionDate "2021.10.06"]
[SourceQuality "1"]
[WhiteTeam "Zalec U20"]
[BlackTeam "Kranj Tomo Zupan U20"]
[WhiteTeamCountry "SLO"]
[BlackTeamCountry "SLO"]

1. e4 c5 2. c3 Nf6 3. e5 Nd5 4. d4 cxd4 5. Nf3 e6 6. cxd4 Nc6 7. Bc4 Nb6 8. Bb3 d6 9. exd6 Bxd6 10. 0-0 0-0 11. Nc3 a6 12. a3 Ne7 13. Bg5 Bd7 14. Qd3 Qb8 15. Bc2 Ng6 16. h4 h5 17. Nd2 Nd5 18. Nde4 Ndf4 19. Bxf4 Bxf4 20. g3 Bc7 21. Ng5 Be8 22. g4 Bc6 23. f3 Bh2+ 24. Kh1 Qg3 25. Qe2 Qxh4 26. Qxh2 Qxg5 27. Qxh5 Qe3 28. Ne4 Nf4 29. Qh2 Ng6 30. Rae1 Qxd4 31. Ng5 Rfd8 32. Bxg6 fxg6 33. Qh7+ Kf8 34. Nxe6+ 1-0

[Event "SLO-chT U16"]
[Site "Moravske Toplice"]
[Date "2014.05.17"]
[Round "4"]
[White "Dolinar, Jan"]
[Black "Skuhala, Luka"]
[Result "0-1"]
[WhiteElo "1798"]
[BlackElo "1869"]
[PlyCount "76"]
[EventDate "2014.05.16"]
[EventType "team-swiss"]
[EventRounds "6"]
[EventCountry "SLO"]
[SourceTitle "EXT 2022"]
[Source "ChessBase"]
[SourceDate "2021.10.06"]
[SourceVersion "1"]
[SourceVersionDate "2021.10.06"]
[SourceQuality "1"]

1. e4 c5 2. Nc3 a6 3. Nge2 d6 4. g3 b5 5. Bg2 Bb7 6. 0-0 Nf6 7. d3 e6 8. a4 b4 9. Na2 Qc7 10. c3 a5 11. Qc2 Qb6 12. b3 Nbd7 13. d4 Rc8 14. Rd1 Be7 15. h3 0-0 16. Be3 Qc7 17. Rac1 Qb8 18. f4 Qa8 19. dxc5 Nxc5 20. cxb4 Ncxe4 21. Qd3 axb4 22. Nxb4 d5 23. Nc2 Ba6 24. Qd4 Bxe2 25. Re1 Ba6 26. g4 Bc5 27. Qb2 Bxe3+ 28. Nxe3 Rxc1 29. Rxc1 Qa7 30. Re1 d4 31. Nd1 Nc3 32. Nf2 Nfd5 33. f5 Nf4 34. f6 Nxg2 35. Kxg2 Qb7+ 36. Kg1 Qf3 37. fxg7 Qg3+ 38. Kh1 Qh4 0-1

[Event "SLO-chT U16"]
[Site "Moravske Toplice"]
[Date "2014.05.17"]
[Round "3"]
[White "Petauer, Janez"]
[Black "Dolinar, Jan"]
[Result "1/2-1/2"]
[WhiteElo "1742"]
[BlackElo "1798"]
[PlyCount "118"]
[EventDate "2014.05.16"]
[EventType "team-swiss"]
[EventRounds "6"]
[EventCountry "SLO"]
[SourceTitle "EXT 2022"]
[Source "ChessBase"]
[SourceDate "2021.10.06"]
[SourceVersion "1"]
[SourceVersionDate "2021.10.06"]
[SourceQuality "1"]

1. e4 c5 2. Nf3 e6 3. b3 Nc6 4. Bb5 Qc7 5. Bb2 a6 6. Bxc6 Qxc6 7. Qe2 b5 8. d4 cxd4 9. Nxd4 Qc7 10. 0-0 d6 11. c4 bxc4 12. Rc1 Nf6 13. Rxc4 Qd7 14. Nd2 Be7 15. Rac1 Bd8 16. Nc6 0-0 17. Nxd8 Qxd8 18. Rc7 Ne8 19. R7c3 Bb7 20. Rg3 Rc8 21. Rxc8 Qxc8 22. Nc4 d5 23. Bxg7 f6 24. Qg4 dxc4 25. Bxf8+ Kxf8 26. Qg8+ Ke7 27. Qxh7+ Kd8 28. bxc4 Qxc4 29. h4 Bxe4 30. Qh6 Qxa2 31. Rg8 Qa1+ 32. Kh2 Qe5+ 33. Kg1 a5 34. Qd2+ Qd5 35. Qb2 Ke7 36. Qb8 Qd1+ 37. Kh2 Qd6+ 38. Qxd6+ Nxd6 39. h5 a4 40. h6 Ne8 41. f3 Bc2 42. Rg4 Kf7 43. h7 Bxh7 44. Rxa4 Bd3 45. Rd4 Bb5 46. Rd2 Bc6 47. Rc2 Bd5 48. Rc1 e5 49. Ra1 f5 50. Kg3 Nf6 51. Kf2 Nh5 52. Ra5 Nf6 53. Ke3 Ke6 54. Ra6+ Kf7 55. Rd6 f4+ 56. Ke2 Bc4+ 57. Kf2 Bb5 58. Rb6 Bd3 59. g3 fxg3+ 1/2-1/2

[Event "SLO-chT U20"]
[Site "Verzej"]
[Date "2013.08.29"]
[Round "4"]
[White "Dolinar, Jan"]
[Black "Flander, Nejc"]
[Result "0-1"]
[WhiteElo "1787"]
[BlackElo "1995"]
[PlyCount "42"]
[EventDate "2013.08.27"]
[EventType "team-tourn"]
[EventRounds "7"]
[EventCountry "SLO"]
[SourceTitle "EXT 2015"]
[Source "ChessBase"]
[SourceDate "2014.11.20"]
[SourceVersion "1"]
[SourceVersionDate "2014.11.20"]
[SourceQuality "1"]

1. e4 e5 2. Nf3 Nc6 3. d4 exd4 4. Nxd4 Bc5 5. Be3 Qf6 6. c3 Nge7 7. Bc4 d6 8. 0-0 Bxd4 9. cxd4 Qg6 10. Nc3 a6 11. a4 Be6 12. Bd3 Nb4 13. Be2 h5 14. Kh1 d5 15. f3 h4 16. Qb3 a5 17. Nb5 Kd7 18. e5 Nf5 19. Bf2 Ng3+ 20. hxg3 hxg3+ 21. Kg1 Rh1+ 0-1

[Event "SLO-chT U20"]
[Site "Verzej"]
[Date "2013.08.28"]
[Round "3"]
[White "Skuhala, Jernej"]
[Black "Dolinar, Jan"]
[Result "0-1"]
[WhiteElo "1938"]
[BlackElo "1787"]
[PlyCount "72"]
[EventDate "2013.08.27"]
[EventType "team-tourn"]
[EventRounds "7"]
[EventCountry "SLO"]
[SourceTitle "EXT 2015"]
[Source "ChessBase"]
[SourceDate "2014.11.20"]
[SourceVersion "1"]
[SourceVersionDate "2014.11.20"]
[SourceQuality "1"]

1. e4 c5 2. Nf3 e6 3. d4 cxd4 4. Nxd4 Nc6 5. Nc3 Qc7 6. Be3 a6 7. Qd2 Nf6 8. 0-0-0 Be7 9. f3 b5 10. g4 b4 11. Nce2 0-0 12. g5 Ne8 13. h4 Na5 14. Nf4 Nd6 15. Nf5 Nxf5 16. exf5 f6 17. g6 b3 18. gxh7+ Kxh7 19. Qg2 bxa2 20. Kd2 Qd6+ 21. Bd3 Nc4+ 22. Ke2 Nxe3 23. Qg6+ Kg8 24. fxe6 f5 25. Bxf5 Nxf5 26. Rxd6 Bxd6 27. e7 Bxe7 28. Nd5 Bd6 29. Rg1 Bb7 30. c4 Bxd5 31. cxd5 Rab8 32. Ra1 Rxb2+ 33. Kd3 a5 34. h5 Bb4 35. h6 Rd2+ 36. Kc4 Nd6+ 0-1

[Event "SLO-chT U20"]
[Site "Verzej"]
[Date "2013.08.27"]
[Round "1"]
[White "Dolinar, Jan"]
[Black "Jarc, Jakob"]
[Result "0-1"]
[WhiteElo "1787"]
[BlackElo "1672"]
[PlyCount "82"]
[EventDate "2013.08.27"]
[EventType "team-tourn"]
[EventRounds "7"]
[EventCountry "SLO"]
[SourceTitle "EXT 2015"]
[Source "ChessBase"]
[SourceDate "2014.11.20"]
[SourceVersion "1"]
[SourceVersionDate "2014.11.20"]
[SourceQuality "1"]

1. e4 c5 2. Nc3 Nc6 3. g3 g6 4. Bg2 d6 5. d3 Bg7 6. Be3 e6 7. Qd2 Nd4 8. Nd1 e5 9. c3 Nc6 10. Ne2 Nge7 11. Bh6 0-0 12. h4 b5 13. h5 f6 14. hxg6 hxg6 15. Bxg7 Kxg7 16. Qh6+ Kf7 17. f4 Ba6 18. Qh7+ Ke8 19. f5 g5 20. Ne3 Kd7 21. Nd5 Kc8 22. d4 exd4 23. cxd4 Nxd5 24. exd5 Nb4 25. 0-0 c4 26. b3 Qe8 27. bxc4 bxc4 28. Bf3 c3 29. Rac1 Qe3+ 30. Rf2 Bxe2 31. Re1 c2 32. Bxe2 c1Q 33. Rxc1+ Qxc1+ 34. Kg2 Qc7 35. Qh6 Qe7 36. Bf3 Kd7 37. Re2 Qf7 38. Bh5 Qxd5+ 39. Bf3 Qc4 40. a3 Nc6 41. d5 Ne5 0-1

[Event "SLO-chT U16"]
[Site "Rogla"]
[Date "2013.05.12"]
[Round "6"]
[White "Dolinar, Jan"]
[Black "Bratkovic, Jakob"]
[Result "0-1"]
[WhiteElo "1824"]
[BlackElo "1946"]
[PlyCount "52"]
[EventDate "2013.05.10"]
[EventType "team-swiss"]
[EventRounds "6"]
[EventCountry "SLO"]
[SourceTitle "EXT 2015"]
[Source "ChessBase"]
[SourceDate "2014.11.20"]
[SourceVersion "1"]
[SourceVersionDate "2014.11.20"]
[SourceQuality "1"]

1. e4 c5 2. Nc3 Nc6 3. g3 g6 4. Bg2 Bg7 5. d3 e6 6. Be3 d6 7. Qd2 Rb8 8. Nge2 Nd4 9. 0-0 b5 10. f4 Ne7 11. g4 f5 12. exf5 b4 13. Ne4 exf5 14. gxf5 Nxe2+ 15. Qxe2 Bxf5 16. Rab1 0-0 17. Qf2 Kh8 18. d4 Nd5 19. dxc5 Nxe3 20. Qxe3 dxc5 21. Qb3 Bxe4 22. Qh3 Bxg2 23. Qxg2 Qd4+ 24. Kh1 Rbe8 25. Rfe1 Rxe1+ 26. Rxe1 Qxf4 0-1

[Event "SLO-chT U16"]
[Site "Rogla"]
[Date "2013.05.11"]
[Round "4"]
[White "Unuk, Laura"]
[Black "Dolinar, Jan"]
[Result "1/2-1/2"]
[WhiteElo "2010"]
[BlackElo "1824"]
[PlyCount "81"]
[EventDate "2013.05.10"]
[EventType "team-swiss"]
[EventRounds "6"]
[EventCountry "SLO"]
[SourceTitle "EXT 2015"]
[Source "ChessBase"]
[SourceDate "2014.11.20"]
[SourceVersion "1"]
[SourceVersionDate "2014.11.20"]
[SourceQuality "1"]

1. c4 e5 2. Nc3 Nf6 3. g3 d6 4. Bg2 Nc6 5. d3 Be6 6. Nf3 Be7 7. 0-0 0-0 8. a3 Qd7 9. Ng5 Bg4 10. f4 h6 11. Nf3 Bh3 12. b4 Bxg2 13. Kxg2 exf4 14. Bxf4 Nh5 15. Bd2 f5 16. Nd5 Ne5 17. Nxe5 dxe5 18. e4 Nf6 19. Rxf5 Nxd5 20. Rxf8+ Rxf8 21. cxd5 c6 22. Qh5 cxd5 23. Qe2 Rd8 24. Bc3 Bf6 25. Rd1 b6 26. Be1 dxe4 27. Qxe4 Qa4 28. Rd2 Qxa3 29. Qc4+ Kh8 30. Ra2 Qxd3 31. Qxd3 Rxd3 32. Rxa7 e4 33. Ra8+ Kh7 34. Re8 e3 35. Kf3 Bd4 36. Re4 Bf6 37. Rxe3 Rd6 38. Ke2 Kg6 39. Rd3 Re6+ 40. Re3 Rc6 41. Kf3 1/2-1/2

[Event "SLO-chT U16"]
[Site "Rogla"]
[Date "2013.05.10"]
[Round "1"]
[White "Sketa, Mark"]
[Black "Dolinar, Jan"]
[Result "1-0"]
[WhiteElo "1502"]
[BlackElo "1824"]
[PlyCount "83"]
[EventDate "2013.05.10"]
[EventType "team-swiss"]
[EventRounds "6"]
[EventCountry "SLO"]
[SourceTitle "EXT 2015"]
[Source "ChessBase"]
[SourceDate "2014.11.20"]
[SourceVersion "1"]
[SourceVersionDate "2014.11.20"]
[SourceQuality "1"]

1. e4 c5 2. Nf3 e6 3. d4 cxd4 4. Nxd4 a6 5. Nc3 Qc7 6. a3 Nf6 7. g3 b5 8. Bg2 Bb7 9. 0-0 b4 10. axb4 Bxb4 11. Qe1 Nc6 12. Nxc6 Bxc6 13. Bg5 Ng4 14. Nd5 exd5 15. Qxb4 d6 16. exd5 Bd7 17. Rfe1+ Kf8 18. Be7+ Kg8 19. Qxd6 Qc8 20. Qc5 Qxc5 21. Bxc5 Rc8 22. Rxa6 h5 23. b4 h4 24. Re7 Bf5 25. c4 hxg3 26. hxg3 Nf6 27. Raa7 Bg6 28. d6 Kh7 29. d7 Rb8 30. b5 Bd3 31. Bf1 Be4 32. f4 Kg6 33. Bg2 Bd3 34. Bd6 Rbd8 35. Rc7 Bf5 36. Bc6 Bd3 37. c5 Bc4 38. b6 Bd5 39. f5+ Kxf5 40. Re5+ Kg6 41. Bxd5 Nxd7 42. Bxf7+ 1-0

[Event "SLO-ch U14"]
[Site "Murska Sobota"]
[Date "2013.02.28"]
[Round "8"]
[White "Dolinar, Jan"]
[Black "Znidaric, Anze"]
[Result "0-1"]
[WhiteElo "1794"]
[BlackElo "1827"]
[PlyCount "80"]
[EventDate "2013.02.23"]
[EventType "swiss"]
[EventRounds "9"]
[EventCountry "SLO"]
[SourceTitle "EXT 2022"]
[Source "ChessBase"]
[SourceDate "2021.10.06"]
[SourceVersion "1"]
[SourceVersionDate "2021.10.06"]
[SourceQuality "1"]

1. e4 c5 2. Nc3 d6 3. g3 g6 4. Bg2 Nc6 5. d3 Bg7 6. Be3 e6 7. Qd2 Nd4 8. Nd1 Ne7 9. c3 Ndc6 10. Bh6 0-0 11. Bxg7 Kxg7 12. f4 f5 13. Ne2 d5 14. e5 d4 15. 0-0 Rb8 16. Nf2 Nd5 17. Nd1 b5 18. h3 Bb7 19. g4 Nde7 20. Ng3 Na5 21. Bxb7 Rxb7 22. gxf5 Nxf5 23. Ne4 Rc7 24. c4 Rc8 25. cxb5 c4 26. Rc1 Qb6 27. Ng5 h6 28. Nxe6+ Qxe6 29. Qxa5 Ng3 30. Re1 Rxf4 31. Qxa7+ Kg8 32. Qb7 Rcf8 33. Qg2 Rf1+ 34. Rxf1 Rxf1+ 35. Kh2 Qxe5 36. Qa8+ Rf8 37. Qg2 Ne2+ 38. Kh1 Nxc1 39. Qxg6+ Qg7 40. Qe6+ Kh8 0-1